Ciudades de la Liga en una mapa - Estadísticas

Estadísticas generales
  • Esta prueba ha sido intentada 63 veces
  • La puntuación promedio es 40 de 52
Respuestas en el mapa
Las respuestas están codificadas por una escala verde-roja en el mapa de la prueba según el % correcto abajo.
 
Estadísticas de respuestas
Ciudad % Correcto
Barcelona
98%
Sevilla
93%
Madrid
92%
Córdoba
90%
Murcia
90%
Valladolid
90%
Almería
88%
Gerona
88%
Málaga
88%
Palma de Mallorca
88%
Valencia
88%
Bilbao
87%
Cádiz
87%
Gijón
85%
Granada
85%
Huelva
85%
La Coruña
85%
Pamplona
85%
Santa Cruz de Tenerife
85%
Getafe
83%
San Sebastián
83%
Santander
83%
Tarragona
83%
Vigo
83%
Zaragoza
83%
Albacete
82%
Castellón de la Plana
82%
Jaén
82%
Leganés
82%
León
82%
Mérida
82%
Oviedo
82%
Alicante
80%
Burgos
78%
Elche
78%
Huesca
78%
Salamanca
78%
Las Palmas de Gran Canaria
77%
Lérida
77%
Villarreal
73%
Santiago de Compostela
72%
Logroño
70%
Vitoria-Gasteiz
70%
Pontevedra
68%
Jerez de la Frontera
62%
Soria
62%
Eibar
58%
Irún
55%
Sabadell
48%
Alcoy
42%
Guecho
32%
Almendralejo
28%
No se encontraron pruebas coincidentes
Distribución de puntuación
Porcentaje de gente con cada puntuación
Porcentaje por número respondido
Historial de tus puntuaciones
No has intentado esta prueba.